000 01983nam a22003137a 4500
999 _c22114
_d22114
003 AR-CdUCM
008 190429b ||||| |||| 00| 0 spa d
040 _aMUNICIPALIDAD PROVINCIAL DEL CUSCO
_cBIBLIOTECA MUNICIPAL DEL CUSCO
082 _aCuzco/N°1/1941
245 _aRevista Cuzco :
_bpublicación mensual /
_cÁngel G. Appiani S. director y fundador
260 _aCuzco :
_bH.G. Rozas,
_c1941.
300 _a40 páginas. :
_bilustraciones ;
_c34 cm.
440 _aCuzco revista mensual.
_nAño I, N°1, junio 1941.
_947466
505 _aContenido: El Cuzco. Carlos Parra del Riego. -- Esclarecimiento del problema del indio. Carlos Ferdinand Cuadros. -- La historia hispanoamericana como proceso dialéctico. Uriel García. -- Las ruinas de Tipón o Muina. Víctor Guillen. -- Breve resumen de la fundación del Cuzco y algunos palacios del mismo. Ángel Appiani. -- Apuntes para la historia del Cusco. José Gabriel Cosio. -- La inevitable sombra. Luis Nieto. -- Una poetisa cuzqueña. Delia Vidal. -- A Cesar Vallejo. Rafael Aguilar. -- Homenaje al Cuzco, Armas del Cuzco, El robador de tejas de Nicola. Eustaquio Kallata. -- La conciencia de clase unidad de los trabajadores. José Lira. -- La curación por los colores. Teófilo Luna Ochoa. -- El funcionalismo en Arquitectura. Oscar Ladrón de Guevara Avilés. -- Ensayo de una ética de las actividades. Antonio Astete Abril. -- Provincias del Cuzco. Urubamba. Willy Rozas Navarro.
650 _aHistoria del Cusco
_91714
650 _aLiteratura cusqueña
_947467
650 _aPoesía cusqueña
_92323
650 _aArquitectura
_93356
650 _aSiglo XX
_947468
700 _aGarcía, José Uriel
_93684
700 _aCuadros, Carlos Ferdinand
_929707
700 _aGuillen, Víctor
_945908
700 _aAppiani, Ángel
_947469
700 _aCosio, José Gabriel
_911720
700 _aNieto Mirando, Luis
_946131
700 _aLadrón de Guevara Avilés, Oscar
_946572
942 _2ddc
_cPP
945 _arac